000 00928nas a2200277 4500
001 BR2010001818
003 BR-BrBNA
005 20231205114214.0
007 ta
008 230509b bl.|||p| |||| 00| 00por d
040 _aBR-BrBNA
_bpor
_cBiblioteca Nacional de Agricultura
041 _a(Pt)
072 _aH50
100 1 _aMendes, P.L. de A.
100 1 _aMeyer, S.T.
100 1 _aNoronha, I.A. de S.
100 1 _aGomes, S.M.A.
100 1 _aSantos, M.H. dos
245 1 _aAlterações morfológicas em Eichhornia crassipes (aguapé)(Mart.)Solms-Laubach (Pontederiaceae), exposta a elevadas concentrações de mercúrio
650 _aBARONEZA
650 _aMERCÚRIO
650 _aFITOTOXICIDADE
773 0 _tPesticidas. Revista de Ecotoxicologia e Meio Ambiente (Brazil)
_xISSN 0103-7277
_g(Jan-Dec 2009), v. 19 p. 29-38
_wBR2010001818
909 _a202311
_bLúcia
_c55
_dLúcia Elande
942 _2AGRIS
_n0
_cANA
999 _c207600
_d207600